Top 20 Most Famous Actresses - Statistics

General Stats
  • This quiz has been taken 76 times
  • The average score is 7 of 20
Answer Stats
% Actress % Correct
69 Meryl Streep
68%
83 Julia Roberts
62%
76 Marilyn Monroe
61%
55 Angelina Jolie
52%
80 Audrey Hepburn
49%
49 Judi Dench
44%
62 Sandra Bullock
44%
69 Katharine Hepburn
35%
66 Nicole Kidman
35%
74 Elizabeth Taylor
34%
58 Reese Witherspoon
34%
75 Kate Winslet
31%
62 Halle Berry
27%
72 Natalie Portman
27%
66 Judy Garland
24%
50 Jane Fonda
20%
71 Jodie Foster
20%
81 Julie Andrews
20%
48 Ingrid Bergman
18%
51 Vivien Leigh
17%
No matching quizzes found
Score Distribution
Percent of People with Each Score
Percentile by Number Answered
Your Score History
You have not taken this quiz